| 000 | 00867nam a2200241Ia 4500 | ||
|---|---|---|---|
| 003 | GCL | ||
| 008 | 140319s9999 xx 000 0 ara d | ||
| 040 |
_aGCL / _cGCL |
||
| 082 | 0 | 4 |
_aد _b050 _bن ن |
| 100 | 1 | _aنيوتن، ليزا . هـ | |
| 245 | 1 | 0 |
_aنحو شركات خضراء ( عالم المعرفة 329 يوليو 2006 ) / _cنيوتن، ليزا . هـ |
| 700 | 1 | _aايهاب عبدالرحيم محمد | |
| 260 |
_aالقاهرة : _bدار الهلال للطباعة والنشر ، _c2006 |
||
| 300 |
_a351 ص ؛ _c16 سم |
||
| 490 |
_aعالم المعرفة _v329 |
||
| 650 | 0 | 4 | _aحماية البيئة |
| 650 | 0 | 4 | _aالبيئة والانسان |
| 650 | 0 | 4 | _aالسلوك الاجتماعى |
| 650 | 0 | 4 | _aالجغرافيا البشرية |
| 650 | 0 | 4 | _aالاخلاق - علم |
| 650 | 0 | 4 | _aالبيئة - علم |
| 942 |
_2ddc _cBK |
||
| 999 |
_c8781 _d8781 |
||